| 000 | 00801nam a2200217 a 4500 | ||
|---|---|---|---|
| 001 | 000035001 | ||
| 005 | 20200930074035.0 | ||
| 008 | 111024s1966 cl 000 0 spa d | ||
| 040 |
_aDO-SdBNP _bspa _cBNPHU |
||
| 100 | 1 |
_aIovchuk, M. T. _947845 |
|
| 240 | 1 | 0 |
_aPrótf soviemiénnij buryuásnilk fafsificátorov markeistskoi filosófii _lruso |
| 245 | 1 | 4 |
_aLos falsificadores de la filosofia marxista / _cM. T. Iovchuk ; tradujo del ruso Teodosio Varela ; revisó Alvaro Rojas. |
| 260 |
_aBogotá : _bEdiciones Sudamerica, _c1966. |
||
| 300 |
_a281 p. ; _c21 cm. |
||
| 490 | 1 | _aFundamentos | |
| 590 | _aPerteneció a la biblioteca personal de Juan Isidro Jimenes Grullón | ||
| 700 | 1 |
_aVarela, Teodosio, _etr. _960612 |
|
| 700 | 1 |
_aRojas, Alvaro. _960613 |
|
| 890 | 0 | _aFundamentos | |
| 049 | _aBNPD | ||
| 999 |
_c34492 _d34492 |
||